Οι πρακτικές των μαθητών του δημοτικού σχολείου στα μαθηματικά, στο σχολείο και στο σπίτι : διπλωματική εργασία [μεταπτυχιακή εργασία]

Αποθηκεύτηκε σε:
Λεπτομέρειες βιβλιογραφικής εγγραφής
Κύριος συγγραφέας: Παύλου, Νικόλαος
Συγγραφή απο Οργανισμό/Αρχή: Πανεπιστήμιο Αιγαίου Σχολή Ανθρωπιστικών Επιστημών Τμήμα Επιστημών της Προσχολικής Αγωγής και του Εκπαιδευτικού Σχεδιασμού Πρόγραμμα Μεταπτυχιακών Σπουδών Διδακτική Θετικών Επιστημών και Τεχνολογίες της Πληροφορίας και της Επικοινωνίας στην Εκπαίδευση: Διεπιστημονική Προσέγγιση
Άλλοι συγγραφείς: Καφούση, Σουλτάνα (dgsf [Επιβλέπουσα καθηγήτρια])
Μορφή: Thesis Βιβλίο
Γλώσσα:Greek
Δημοσίευση: 2017.
Θέματα:
Διαθέσιμο Online:http://hdl.handle.net/11610/17687
Ετικέτες: Προσθήκη ετικέτας
Δεν υπάρχουν, Καταχωρήστε ετικέτα πρώτοι!

MARC

LEADER 00000cam a2200000 a 4500
001 1/114526
008 170719s2017####gr | ||| |||| ||gre||
040 |a GR-MyUa  |b gre  |c GR-MyUa  |e AACR2 
041 0 |a gre 
082 7 |a 510.7   |2 (23) 
100 1 |a Παύλου, Νικόλαος. 
245 1 3 |a Οι πρακτικές των μαθητών του δημοτικού σχολείου στα μαθηματικά, στο σχολείο και στο σπίτι :   |b διπλωματική εργασία [μεταπτυχιακή εργασία] /   |c Παύλου Νικόλαος ; επιβλέπουσα καθηγήτρια: Καφούση Σόνια.  
260 |c 2017.  
300 |a 76 σ. :   |b πίν. ;   |c 30 εκ.  
500 |a Υπάρχει ψηφιακό αντίγραφο.  
500 |a Μέλη εξεταστικής επιτροπής: Χατζηγεωργίου Ιωάννης, Στμάτης Παναγιώτης Ι.  
502 # # |a Διατριβή (μεταπτυχιακή) – Πανεπιστήμιο Αιγαίου, Ρόδος, 2017. 
504 |a Βιβλιογραφία: σ. 64-67.  
506 1 |a Πλήρες κείμενο - Ενδοπανεπιστημιακή δημοσίευση - Κλειδωμένη η δυνατότητα αντιγραφής.  
650 0 |a Mathematics  |x Study and teaching. 
650 0 |a Home and school. 
650 0 |a Teaching  |x Methodology. 
650 0 |a Students  |x Attitudes. 
700 1 |a Καφούση, Σουλτάνα,  |e dgsf [Επιβλέπουσα καθηγήτρια] 
710 2 |a Πανεπιστήμιο Αιγαίου   |b Σχολή Ανθρωπιστικών Επιστημών   |b Τμήμα Επιστημών της Προσχολικής Αγωγής και του Εκπαιδευτικού Σχεδιασμού   |b Πρόγραμμα Μεταπτυχιακών Σπουδών Διδακτική Θετικών Επιστημών και Τεχνολογίες της Πληροφορίας και της Επικοινωνίας στην Εκπαίδευση: Διεπιστημονική Προσέγγιση. 
852 |a INST  |b RHODES  |c DIATR  |e 20170719  |h 510.7 ΠΑΥ  |p 005400039429  |q 005400039429  |t MTXE  |y 23 
856 |u http://hdl.handle.net/11610/17687 
924 |a Παύλου   |b Νικόλαος   |y Ρόδος  |z 2017-03  
970 |z 19-07-2017